Asma & rinitis (Record no. 113219)

MARC details
000 -LEADER
campo de control de longitud fija 00620nam a2200193 4500
001 - NÚMERO DE CONTROL
campo de control 113219
003 - IDENTIFICADOR DE NÚMERO DE CONTROL
campo de control ES-MaACL
007 - CAMPO FIJO DE DESCRIPCIÓN FÍSICA--INFORMACIÓN GENERAL
campo de control de longitud fija t|
008 - DATOS DE LONGITUD FIJA--INFORMACIÓN GENERAL
campo de control de longitud fija 061121s1983 sp r ||||1| spa d
020 ## - NÚMERO INTERNACIONAL ESTÁNDAR DEL LIBRO
Número Internacional Estándar del Libro 84-85320-23-9
100 1# - ENTRADA PRINCIPAL--NOMBRE DE PERSONA
Nombre de persona Mygind, N.
9 (RLIN) 84758
245 10 - MENCIÓN DEL TÍTULO
Título Asma & rinitis
Resto del título : tratamiento esteroide /
Mención de responsabilidad, etc. N. Mygind, T. J. H. Clark ; [traducción por Mª Elena Rodríguez Barro].
260 ## - PUBLICACIÓN, DISTRIBUCIÓN, ETC.
Lugar de publicación, distribución, etc. Madrid :
Nombre del editor, distribuidor, etc. Panamerica,
Fecha de publicación, distribución, etc. D. L. 1983.
300 ## - DESCRIPCIÓN FÍSICA
Extensión 212 p. :
Otras características físicas il ;
Dimensiones 21 cm.
500 ## - NOTA GENERAL
Nota general Indice.
700 1# - ENTRADA AGREGADA--NOMBRE PERSONAL
Nombre de persona Clark, T. J. H.
9 (RLIN) 39050
700 1# - ENTRADA AGREGADA--NOMBRE PERSONAL
Nombre de persona Rodríguez Barro, María Elena.
9 (RLIN) 98373
852 ## - LOCALIZACIÓN
Ubicación ES-MaACL
Número de control de estantería L-9122
Sublocalización o colección R.109155
Holdings
Estatus retirado Estado de pérdida Estado de daño No para préstamo Biblioteca de origen Biblioteca actual Ubicación en estantería Fecha de adquisición Fuente de adquisición Total de préstamos Signatura topográfica completa Código de barras Visto por última vez Precio de reemplazo Tipo de ítem Koha
        Biblioteca del Ateneo de Madrid Biblioteca del Ateneo de Madrid Depósito 2 17/01/2008     L-9122 1118091 23/02/2023 23/02/2023 Libro impreso